000 00768cam a2200229Ii 4500
020 _a9789251077252
020 _a9251077258
040 _cDKU
082 0 4 _a636 FOO 2013 A090 Or.
245 0 0 _aIn vivo conservation of animal genetic resources
300 _axxiv, 242 pages :
_bcolor illustrations ;
_c24 cm
490 1 _aFAO animal production and health guidelines,
650 0 _aLivestock
650 0 _aGermplasm resources, Animal
650 1 2 _aLivestock
650 1 2 _aAnimals, Genetically Modified
650 2 2 _aGenetic Engineering
710 2 _aFood and Agriculture Organization of the United Nations
710 2 _aCommission on Genetic Resources for Food and Agriculture
856 4 0 _uhttp://www.fao.org/docrep/018/i3327e/i3327e00.htm
942 _cEK
999 _c15862
_d15862